000 00249nam a2200097Ia 4500
001 772204
005 20250826165728.0
008 250824s9999 xx 000 0 und d
245 0 _aUMUT HAYAT AKAN BİR SUDUR
_cAYŞE KULİN
260 _bEVEREST YAYINLARI
999 _c772204
_d772204